Europa: Geografie mit K - Statistiken

Allgemein
  • Dieses Quiz wurde 254 mal gespielt
  • Das Durchschnittsergebnis liegt bei 11 aus 16
Antwortstatistiken
Hinweis Antwort % Korrekt
Land in Südosteuropa, das sich 2008 von Serbien unabhängig erklärte und von den meisten europäischen Staaten anerkannt wird Kosovo
97%
Hauptstadt der Ukraine Kyjiw
97%
Europäische Hauptstadt, die für die kleine Meerjungfrau und den Vergnügungspark Tivoli bekannt ist Kopenhagen
91%
Bezeichnung für die Gliedstaaten der Schweizerischen Eidgenossenschaft Kanton
87%
Größter Binnenstaat der Welt, von dem ca. 5 % zu Europa gehören Kasachstan
87%
In dieser Stadt befindet sich die höchste zweitürmige Kathedrale der Welt Köln
86%
In der Kathedrale dieser Stadt wurden die meisten polnischen Könige gekrönt und begraben Krakau
80%
Mittelmeerinsel mit der Hauptstadt Iraklio Kreta
79%
Gebirge zwischen Schwarzem und Kaspischem Meer, das als Grenze zwischen Europa und Asien gilt Kaukasus
72%
Österreichisches Bundesland, in dem die Städte Villach und Klagenfurt liegen Kärnten
66%
Bogenförmiges Hochgebirge in Osteuropa, dessen höchster Teil die Hohe Tatra in der Slowakei ist Karpaten
63%
Region in der "Stiefelspitze" Italiens Kalabrien
56%
Grafschaft im äußersten Südosten Englands, die auch als „Garten Englands“ bezeichnet wird Kent
54%
Zweitgrößte Stadt in Litauen, die 2022 Kulturhauptstadt Europas war Kaunas
35%
Griechische Inselgruppe in der Ägäis, zu der die Inseln Naxos und Mykonos gehören Kykladen
34%
Halbinsel im Nordwesten Russlands, in deren Süden sich das Weiße Meer befindet Kola
24%
Keine übereinstimmenden Quizze gefunden
Verteilung der Resultate
Anzahl Personen mit jedem Resultat
Perzentil nach korrekt beantworteten Fragen
Ihre Resultats-Entwicklung
Sie haben dieses Quiz noch nicht gespielt